Procedimientos especiales y actos judiciales no contenciosos: -práctica forense-
Saved in:
| Hovedforfatter: | |
|---|---|
| Format: | Bog |
| Sprog: | spansk |
| Udgivet: |
Santiago
Jurídica Aremi
2018
|
| Udgivelse: | 1a. ed |
| Fag: | |
| Tags: |
Tilføj Tag
Ingen Tags, Vær først til at tagge denne postø!
|
MARC
| LEADER | 00000cam a2200000 a 4500 | ||
|---|---|---|---|
| 001 | UCC3087 | ||
| 003 | CL-VaPUC | ||
| 008 | 180413e20180000cl |||||||||||||||||spa|d | ||
| 020 | |a 9789568217617 | ||
| 082 | 0 | 4 | |a 347.83 |b CHA |2 21 |
| 100 | |a Chávez Chávez, Eric Andrés |e autor |9 597152 | ||
| 245 | 1 | 0 | |a Procedimientos especiales y actos judiciales no contenciosos: -práctica forense- |
| 250 | |a 1a. ed | ||
| 300 | |a 422 p | ||
| 942 | |c BK | ||
| 945 | |d 20180413 15:45:00 |a arojas | ||
| 260 | |a Santiago |b Jurídica Aremi |c 2018 | ||
| 650 | 0 | |a Código de procedimiento civil |9 256305 | |
| 650 | 7 | |a JUICIO ORDINARIO |2 CL-VaPUC |9 254867 | |
| 650 | 7 | |a JUICIOS ESPECIALES |2 CL-VaPUC |9 348378 | |
| 650 | 0 | |a Práctica forense |9 256375 | |
| 583 | |a last modification |c 20180413 15:45:00 |k Rodrigo Vera | ||
| 999 | |c 370942 |d 370940 | ||
| 952 | |0 0 |1 0 |3 erb |4 0 |6 347_830000000000000_CHA_2018 |7 0 |8 A |9 487730 |a BIBDER |b BIBDER |i 5462053 |l 1 |o 347.83 CHA 2018 |p 5462053 |r 2023-08-31 |s 2023-08-14 |w 2019-11-24 |y BK |z Catalogado en:20180413 |k DER | ||